Online
Catalog

Vidas de los doces césares / (Record no. 20370)

MARC details
000 -CABECERA
campo de control de longitud fija 00747nam a2200229 a 4500
001 - NÚMERO DE CONTROL
campo de control 000020867
005 - FECHA Y HORA DE LA ÚLTIMA TRANSACCIÓN
campo de control 20260414130834.0
008 - DATOS DE LONGITUD FIJA--INFORMACIÓN GENERAL
campo de control de longitud fija 100818s1977 mx 000 0 spa d
040 ## - FUENTE DE LA CATALOGACIÓN
Centro catalogador/agencia de origen DO-SdBNP
Lengua de catalogación spa
Centro/agencia transcriptor BNPHU
082 ## - NÚMERO DE LA CLASIFICACIÓN DECIMAL DEWEY
Número de clasificación 920
Número de documento/Ítem S944v, 1977
049 ## - FONDOS LOCALES (OCLC)
Fondos de biblioteca BNGR
100 1# - ENTRADA PRINCIPAL--NOMBRE DE PERSONA
Nombre de persona Suetonio Tranquilo, Gayo,
Fechas asociadas al nombre 70-140
9 (RLIN) 43742
245 10 - MENCIÓN DE TÍTULO
Título Vidas de los doces césares /
Mención de responsabilidad, etc. Suetonio ; estudio preliminar y traducción revisada por José Luis Romero.
250 ## - MENCIÓN DE EDICIÓN
Mención de edición 10a ed.
260 ## - PUBLICACIÓN, DISTRIBUCIÓN, ETC.
Lugar de publicación, distribución, etc. México :
Nombre del editor, distribuidor, etc. Cumbre,
Fecha de publicación, distribución, etc. 1977.
300 ## - DESCRIPCIÓN FÍSICA
Extensión xxxvi, 1-384, [1] p. ;
Dimensiones 21 cm.
490 1# - MENCIÓN DE SERIE
Mención de serie Los clásicos
650 #0 - PUNTO DE ACCESO ADICIONAL DE MATERIA--TÉRMINO DE MATERIA
Término de materia o nombre geográfico como elemento de entrada Biografía
9 (RLIN) 4997
650 #4 - PUNTO DE ACCESO ADICIONAL DE MATERIA--TÉRMINO DE MATERIA
Término de materia o nombre geográfico como elemento de entrada Emperadores romanos
Subdivisión general Biografías
9 (RLIN) 41714
700 1# - PUNTO DE ACCESO ADICIONAL--NOMBRE DE PERSONA
Nombre de persona Romero, José Luis,
Término indicativo de función/relación tr.
9 (RLIN) 27893
830 #0 - PUNTO DE ACCESO ADICIONAL DE SERIE-TÍTULO UNIFORME
Título uniforme Los clásicos
9 (RLIN) 43697
Holdings
Estado de retiro Estado de pérdida Restricciones de uso No para préstamo Código de colección Localización permanente Ubicación/localización actual Ubicación en estantería Fecha de adquisición Número de inventario Total de préstamos Signatura topográfica completa Código de barras Fecha visto por última vez Precio válido a partir de Tipo de ítem Koha
    Préstamo interno   Monografías: Libros y Folletos General General En catalogación 19.08.2010 LF1   920 S944v, 1977 20867-10 25.06.2020 25.06.2020 Préstamo interno

Powered by Koha